| 000 | 00482nam a2200181Ia 4500 | ||
|---|---|---|---|
| 005 | 20250630130315.0 | ||
| 008 | 008 250516s9999 xx 000 0 eng d | ||
| 020 | _a9781647268152 | ||
| 040 |
_beng _cSDCL |
||
| 041 |
_aeng _2eng |
||
| 084 | _aD6,8(B),22:8 R4 | ||
| 245 | 0 |
_aData Mining : _bConcept Techniques & Applications |
|
| 260 |
_aNew York : _bClanrye, _c2025. |
||
| 300 | _a221p. | ||
| 650 | _aI I C | ||
| 700 |
_aVincent, Richard Ed. _9814917 |
||
| 942 |
_cTEXL _2CC |
||
| 999 |
_c1430568 _d1430568 |
||